| 000 | 00419pab a2200157 454500 | ||
|---|---|---|---|
| 008 | 180718b2002 xxu||||| |||| 00| 0 eng d | ||
| 100 | _aMoorty, Kameshwari | ||
| 245 | _aServices with sensitivity: distance education for learners with special needs | ||
| 260 | _c2002 | ||
| 300 | _ap.61-67 | ||
| 362 | _a28 Jan | ||
| 650 | _aEducation | ||
| 650 | _aDistance education | ||
| 773 | _aUniversity News | ||
| 909 | _a51498 | ||
| 999 |
_c51498 _d51498 |
||